000 00277nam a22001337a 4500
008 170421b xxu||||| |||| 00| 0 eng d
020 _a9780534492762
041 _aeng
080 _27TH
_a573
100 _a11
101 _aSHM
245 _aBIOLOGY
_cLOMON
942 _2udc
_cBK
999 _c11415
_d11415